[Event "Robecchetto Primavera op 12th"]
[Site "Robecchetto"]
[Date "2015.05.21"]
[Round "7"]
[White "Moroni, Luca"]
[Black "Ragoso, Mario"]
[Result "1-0"]
[WhiteElo "1824"]
[BlackElo "1628"]
[PlyCount "107"]
[EventDate "2015.04.02"]
[EventType "swiss"]
[EventRounds "7"]
[EventCountry "ITA"]
[SourceTitle "EXT 2017"]
[Source "ChessBase"]
[SourceDate "2016.10.25"]
[SourceVersion "1"]
[SourceVersionDate "2016.10.25"]
[SourceQuality "1"]

1. d4 Nf6 2. Nf3 g6 3. Bf4 d6 4. Nc3 Bg7 5. e3 0-0 6. Be2 Nh5 7. 0-0 Nxf4 8. exf4 c6 9. Re1 Bg4 10. Rb1 Re8 11. h3 Bxf3 12. Bxf3 Qb6 13. Ne2 Na6 14. c3 Nc7 15. Ng3 e6 16. Ne4 Nd5 17. Nxd6 Red8 18. Nc4 Qa6 19. Bxd5 cxd5 20. Na3 Rac8 21. Qb3 Bf8 22. Nc2 Qd3 23. Ne3 b6 24. Qc2 Qa6 25. a3 Rc7 26. Qe2 Qa4 27. Ng4 Bg7 28. Ne5 b5 29. Nd3 Bf8 30. Ra1 Rdc8 31. Ne5 Bd6 32. g3 Qb3 33. h4 Bxe5 34. fxe5 a5 35. h5 gxh5 36. Kg2 b4 37. axb4 axb4 38. Rh1 bxc3 39. Qxh5 Qc2 40. bxc3 Rxc3 41. Qg5+ Qg6 42. Qxg6+ hxg6 43. Rh4 R8c4 44. Rah1 Kf8 45. Rf4 Kg7 46. Rb1 Rd3 47. Rb7 Rdxd4 48. Rfxf7+ Kh6 49. f4 g5 50. Rf6+ Kh5 51. fxg5 Rc2+ 52. Kh3 Rdd2 53. g4+ Kxg5 54. Rg7# 1-0

[Event "Robecchetto Primavera op 12th"]
[Site "Robecchetto"]
[Date "2015.04.09"]
[Round "2"]
[White "Gbessou, Remi Stephan"]
[Black "Ragoso, Mario"]
[Result "0-1"]
[WhiteElo "1218"]
[BlackElo "1628"]
[PlyCount "60"]
[EventDate "2015.04.02"]
[EventType "swiss"]
[EventRounds "7"]
[EventCountry "ITA"]
[SourceTitle "EXT 2017"]
[Source "ChessBase"]
[SourceDate "2016.10.25"]
[SourceVersion "1"]
[SourceVersionDate "2016.10.25"]
[SourceQuality "1"]

1. e4 e5 2. Nf3 Nc6 3. Bc4 Nf6 4. d4 exd4 5. e5 d5 6. Bb5 Bb4+ 7. c3 dxc3 8. bxc3 0-0 9. 0-0 Ng4 10. Bxc6 Nxf2 11. Rxf2 Bc5 12. Nd4 bxc6 13. Be3 Qe8 14. Qh5 Ba6 15. Nd2 Bd3 16. Rd1 Bg6 17. Qg5 Rb8 18. N2b3 Bb6 19. Bf4 c5 20. Ne2 Qa4 21. Nec1 c4 22. Be3 Bxe3 23. Qxe3 c6 24. Qd4 Rb5 25. Nc5 Rxc5 26. Rdf1 Rb5 27. e6 Rb7 28. Qc5 Qb5 29. Qd6 Qb6 30. e7 Re8 0-1

[Event "Robecchetto Autunn op 11th"]
[Site "Robecchetto"]
[Date "2014.11.13"]
[Round "6"]
[White "Ongaro, Andrea"]
[Black "Ragoso, Mario"]
[Result "0-1"]
[WhiteElo "1723"]
[BlackElo "1621"]
[PlyCount "50"]
[EventDate "2014.10.09"]
[EventType "swiss"]
[EventRounds "7"]
[EventCountry "ITA"]
[SourceTitle "EXT 2016"]
[Source "ChessBase"]
[SourceDate "2015.10.08"]
[SourceVersion "1"]
[SourceVersionDate "2015.10.08"]
[SourceQuality "1"]

1. e4 e5 2. Nf3 Nc6 3. d4 exd4 4. Bc4 Bc5 5. c3 Nf6 6. cxd4 Bb4+ 7. Nc3 Nxe4 8. 0-0 Nxc3 9. bxc3 Be7 10. Re1 d5 11. Bb3 0-0 12. Qd3 Be6 13. Ba4 Qd7 14. Ne5 Nxe5 15. Rxe5 Qxa4 16. f4 Bf6 17. Rh5 g6 18. Rh6 Bf5 19. Qd2 Rfe8 20. Bb2 Re4 21. Re1 Rae8 22. Rxe4 Rxe4 23. h3 Qc4 24. Kf2 Kg7 25. g4 Kxh6 0-1

[Event "Robecchetto Autunn op 11th"]
[Site "Robecchetto"]
[Date "2014.10.30"]
[Round "4"]
[White "Pizzolato, Roberto"]
[Black "Ragoso, Mario"]
[Result "1/2-1/2"]
[WhiteElo "1747"]
[BlackElo "1621"]
[PlyCount "85"]
[EventDate "2014.10.09"]
[EventType "swiss"]
[EventRounds "7"]
[EventCountry "ITA"]
[SourceTitle "EXT 2016"]
[Source "ChessBase"]
[SourceDate "2015.10.08"]
[SourceVersion "1"]
[SourceVersionDate "2015.10.08"]
[SourceQuality "1"]

1. e4 e5 2. Nf3 Nc6 3. d4 exd4 4. Nxd4 Bc5 5. Nxc6 Qf6 6. Qd2 Qxc6 7. Bd3 d6 8. 0-0 Be6 9. Qg5 Ne7 10. Nc3 a6 11. Be3 Bxe3 12. Qxe3 0-0 13. Kh1 f5 14. f4 Ng6 15. Rae1 Rae8 16. Qg3 Rf7 17. exf5 Bxf5 18. Rxe8+ Qxe8 19. Bc4 Be6 20. Re1 Rxf4 21. Bb3 c6 22. Qe3 d5 23. Kg1 Rf6 24. Na4 Qf8 25. Nc5 Bc8 26. c4 Nf4 27. cxd5 Nxd5 28. Qd4 Kh8 29. Bxd5 cxd5 30. Qxd5 Rf5 31. Ne6 Rxd5 32. Nxf8 g6 33. Nxg6+ hxg6 34. Re8+ Kg7 35. Rxc8 Rd1+ 36. Kf2 Rd2+ 37. Kg3 Rxb2 38. Kh3 Kh6 39. Rb8 a5 40. a4 Rb4 41. g3 Kg5 42. Kg2 Rb2+ 43. Kh3 1/2-1/2

[Event "Robecchetto Autunn op 11th"]
[Site "Robecchetto"]
[Date "2014.10.09"]
[Round "1"]
[White "Ragoso, Mario"]
[Black "Moroni, Luca"]
[Result "0-1"]
[WhiteElo "1621"]
[BlackElo "1882"]
[PlyCount "72"]
[EventDate "2014.10.09"]
[EventType "swiss"]
[EventRounds "7"]
[EventCountry "ITA"]
[SourceTitle "EXT 2016"]
[Source "ChessBase"]
[SourceDate "2015.10.08"]
[SourceVersion "1"]
[SourceVersionDate "2015.10.08"]
[SourceQuality "1"]

1. d4 c5 2. d5 d6 3. c4 Nf6 4. Nc3 g6 5. g3 Bg7 6. Bg2 0-0 7. Nf3 a6 8. a4 Bg4 9. 0-0 Qc8 10. Qb3 Bxf3 11. Bxf3 Nbd7 12. Bf4 Qc7 13. Rad1 Rab8 14. e4 h6 15. h4 h5 16. Qc2 Kh7 17. Qd2 Ng8 18. Rde1 Bh6 19. Ne2 Bxf4 20. Nxf4 Ne5 21. Be2 Nf6 22. Qc2 Qd7 23. b3 Nfg4 24. Nh3 f6 25. Qd2 b5 26. Kg2 bxc4 27. bxc4 Rb3 28. Nf4 Rfb8 29. Ne6 Qe8 30. f4 Nxc4 31. Bxc4 Rb2 32. Qxb2 Rxb2+ 33. Kg1 Qb8 34. Be2 Qb4 35. Bxg4 hxg4 36. Re3 Qd2 0-1

[Event "Milan Befana op-B"]
[Site "Milan"]
[Date "2014.01.06"]
[Round "6"]
[White "Murli, Almerico"]
[Black "Ragoso, Mario"]
[Result "1-0"]
[WhiteElo "1804"]
[BlackElo "1633"]
[PlyCount "76"]
[EventDate "2014.01.02"]
[EventType "swiss"]
[EventRounds "7"]
[EventCountry "ITA"]
[SourceTitle "EXT 2015"]
[Source "ChessBase"]
[SourceDate "2014.11.20"]
[SourceVersion "1"]
[SourceVersionDate "2014.11.20"]
[SourceQuality "1"]

1. e4 g6 2. d4 Bg7 3. c4 d6 4. Be2 Nf6 5. Nc3 0-0 6. Nf3 e5 7. 0-0 Nc6 8. d5 Ne7 9. Ne1 Nd7 10. Be3 f5 11. f3 f4 12. Bf2 g5 13. Nd3 Nf6 14. c5 Ng6 15. Rc1 Rf7 16. cxd6 cxd6 17. Nb5 a6 18. Na3 b5 19. Nb4 h5 20. Nc6 Qe8 21. Qd2 g4 22. Qa5 g3 23. hxg3 fxg3 24. Bxg3 h4 25. Bf2 Nf4 26. Bxb5 axb5 27. Qxa8 Ne2+ 28. Kh2 Nxc1 29. Rxc1 Bh6 30. Ne7+ Qxe7 31. Rxc8+ Kg7 32. Nxb5 Kg6 33. Rd8 Ng4+ 34. fxg4 Rxf2 35. Rg8+ Kf7 36. Nxd6+ Kf6 37. Qc6 Bf4+ 38. Kg1 Qa7 1-0

[Event "Milan Crespi op-B 34th"]
[Site "Milan"]
[Date "2013.12.08"]
[Round "7"]
[White "Ragoso, Mario"]
[Black "Del Frate, Walter"]
[Result "0-1"]
[WhiteElo "1645"]
[BlackElo "1539"]
[PlyCount "40"]
[EventDate "2013.12.04"]
[EventType "swiss"]
[EventRounds "7"]
[EventCountry "ITA"]
[SourceTitle "EXT 2015"]
[Source "ChessBase"]
[SourceDate "2014.11.20"]
[SourceVersion "1"]
[SourceVersionDate "2014.11.20"]
[SourceQuality "1"]

1. d4 d5 2. c4 e6 3. Nc3 Nf6 4. Bg5 Nbd7 5. cxd5 exd5 6. e3 Be7 7. Bd3 0-0 8. Nf3 c6 9. Qc2 Re8 10. Bf4 Nf8 11. h4 Bd6 12. Ne5 Ng4 13. Bg5 f6 14. Nxg4 Bxg4 15. Be2 Bxe2 16. Qxe2 fxg5 17. hxg5 Qxg5 18. Rh5 Qxg2 19. 0-0-0 Re6 20. Rdh1 Rf6 0-1

[Event "Milan Province-ch"]
[Site "Milan"]
[Date "2013.01.25"]
[Round "2"]
[White "Campa, Livio"]
[Black "Ragoso, Mario"]
[Result "0-1"]
[WhiteElo "1440"]
[BlackElo "1642"]
[PlyCount "38"]
[EventDate "2013.01.24"]
[EventType "swiss"]
[EventRounds "6"]
[EventCountry "ITA"]
[SourceTitle "EXT 2014"]
[Source "ChessBase"]
[SourceDate "2013.11.20"]
[SourceVersion "1"]
[SourceVersionDate "2013.11.20"]
[SourceQuality "1"]

1. c4 Nf6 2. d4 g6 3. Nc3 Bg7 4. Nf3 d6 5. e4 0-0 6. h3 e5 7. dxe5 dxe5 8. Qxd8 Rxd8 9. Nxe5 Nxe4 10. Nxe4 Bxe5 11. Bg5 Re8 12. Be2 Bf5 13. Nf6+ Bxf6 14. Bxf6 Bd3 15. Kd2 Bxe2 16. Rae1 Nd7 17. Rxe2 Rxe2+ 18. Kxe2 Re8+ 19. Kf3 Nxf6 0-1

[Event "Milan Crespi op-C 33rd"]
[Site "Milan"]
[Date "2012.12.06"]
[Round "2"]
[White "Ragoso, Mario"]
[Black "Mariucci, Felice"]
[Result "1/2-1/2"]
[WhiteElo "1656"]
[BlackElo "1711"]
[PlyCount "102"]
[EventDate "2012.12.05"]
[EventType "swiss"]
[EventRounds "7"]
[EventCountry "ITA"]
[SourceTitle "EXT 2024"]
[Source "ChessBase"]
[SourceDate "2023.10.10"]
[SourceVersion "1"]
[SourceVersionDate "2023.10.10"]
[SourceQuality "1"]

1. e4 d6 2. d4 Nf6 3. Bd3 g6 4. Nf3 Bg7 5. h3 c6 6. Bf4 Nbd7 7. Nbd2 Qb6 8. Nc4 Qc7 9. a4 b5 10. axb5 cxb5 11. Na5 Rb8 12. Qe2 a6 13. e5 dxe5 14. Nxe5 Nxe5 15. Bxe5 Qb6 16. Bxb8 Qxb8 17. 0-0 Be6 18. Nb3 Bxb3 19. cxb3 Qb7 20. Rfe1 e6 21. Be4 Nxe4 22. Qxe4 Qc8 23. Rac1 Qd7 24. Qc6 Bxd4 25. Qxa6 0-0 26. Red1 e5 27. b4 Qf5 28. Rd2 Rb8 29. Rdc2 Kg7 30. Qd6 Rb6 31. Qd5 Rf6 32. Qxb5 Bxf2+ 33. Kh1 Be3 34. Qe2 Bxc1 35. Rxc1 Qf4 36. Rc4 Qf2 37. Re4 Qxe2 38. Rxe2 Re6 39. Re3 f5 40. b5 e4 41. Kg1 f4 42. Rb3 Rb6 43. Rb4 g5 44. Rxe4 Rxb5 45. b4 Kf6 46. Kf2 h5 47. Ke2 Kf5 48. Re8 Rxb4 49. Rf8+ Kg6 50. Kf3 Rb3+ 51. Kf2 Rg3 1/2-1/2

[Event "Robecchetto Autumn op 9th"]
[Site "Robecchetto"]
[Date "2012.11.22"]
[Round "7"]
[White "Ragoso, Mario"]
[Black "Giusti, Francesco"]
[Result "0-1"]
[WhiteElo "1661"]
[BlackElo "1568"]
[PlyCount "74"]
[EventDate "2012.10.04"]
[EventType "swiss"]
[EventRounds "7"]
[EventCountry "ITA"]
[SourceTitle "EXT 2024"]
[Source "ChessBase"]
[SourceDate "2023.10.10"]
[SourceVersion "1"]
[SourceVersionDate "2023.10.10"]
[SourceQuality "1"]

1. d4 d5 2. c4 Nf6 3. Nf3 Bg4 4. Nc3 e6 5. Bg5 h6 6. cxd5 hxg5 7. dxe6 Bxe6 8. Nxg5 Nd5 9. Nxe6 fxe6 10. Qd3 Nxc3 11. Qg6+ Kd7 12. bxc3 Rh6 13. Qg4 Qf6 14. e3 a6 15. Bc4 b5 16. Bxe6+ Qxe6 17. Qf4 Nc6 18. d5 Qf6 19. dxc6+ Qxc6 20. Rd1+ Bd6 21. Qf7+ Kc8 22. Qxg7 Rxh2 23. Rxh2 Bxh2 24. Qh8+ Kb7 25. Qxh2 Qxc3+ 26. Kf1 Rh8 27. Qf4 Rh1+ 28. Ke2 Rxd1 29. Kxd1 Qa1+ 30. Ke2 Qxa2+ 31. Kf3 Qa4 32. g4 b4 33. g5 Qd1+ 34. Kg3 b3 35. Qe4+ Ka7 36. g6 b2 37. g7 b1Q 0-1

[Event "Robecchetto Autumn op 9th"]
[Site "Robecchetto"]
[Date "2012.10.04"]
[Round "1"]
[White "Sigismondi, Piero"]
[Black "Ragoso, Mario"]
[Result "1-0"]
[WhiteElo "1416"]
[BlackElo "1661"]
[PlyCount "37"]
[EventDate "2012.10.04"]
[EventType "swiss"]
[EventRounds "7"]
[EventCountry "ITA"]
[SourceTitle "EXT 2024"]
[Source "ChessBase"]
[SourceDate "2023.10.10"]
[SourceVersion "1"]
[SourceVersionDate "2023.10.10"]
[SourceQuality "1"]

1. d4 Nf6 2. Nf3 d6 3. Bf4 g6 4. Nc3 Bg7 5. Qd2 0-0 6. 0-0-0 Bd7 7. e4 c5 8. dxc5 dxc5 9. e5 Ne8 10. Bh6 Qa5 11. h4 b5 12. Kb1 Be6 13. Bxg7 Kxg7 14. h5 Rh8 15. hxg6 b4 16. Qh6+ Kg8 17. gxh7+ Rxh7 18. Qxh7+ Kf8 19. Qh8# 1-0

[Event "Robecchetto Spring op 9th"]
[Site "Robecchetto"]
[Date "2012.05.24"]
[Round "7"]
[White "Ragoso, Mario"]
[Black "Colombo, Maurizio"]
[Result "1-0"]
[WhiteElo "1646"]
[BlackElo "1745"]
[PlyCount "99"]
[EventDate "2012.04.12"]
[EventType "swiss"]
[EventRounds "7"]
[EventCountry "ITA"]
[SourceTitle "EXT 2024"]
[Source "ChessBase"]
[SourceDate "2023.10.10"]
[SourceVersion "1"]
[SourceVersionDate "2023.10.10"]
[SourceQuality "1"]

1. e4 c5 2. Nc3 Nc6 3. g3 g6 4. Bg2 Bg7 5. d3 e6 6. Be3 d6 7. f4 Nge7 8. Nf3 Rb8 9. 0-0 0-0 10. Ne2 Bxb2 11. Rb1 Bg7 12. h3 b6 13. g4 f5 14. Qe1 Bd7 15. a3 Qc8 16. g5 Qc7 17. h4 Rfe8 18. Qg3 fxe4 19. dxe4 d5 20. Bc1 dxe4 21. Nd2 Nf5 22. Qh3 Ncd4 23. Nxd4 Bxd4+ 24. Kh1 e3 25. Ne4 e2 26. Re1 Bc6 27. Rxe2 Bxe4 28. Bxe4 Rbd8 29. Bd2 c4 30. Rbe1 Kf7 31. h5 c3 32. Bc1 Qc5 33. Kg2 Ng7 34. hxg6+ hxg6 35. Qh7 Rg8 36. Qxg6+ Kf8 37. Bd3 Qc6+ 38. Qe4 Qxe4+ 39. Rxe4 Bc5 40. Bc4 Kf7 41. Bxe6+ Nxe6 42. Rxe6 Rge8 43. Rxe8 Rxe8 44. Rxe8 Kxe8 45. Kf3 Kf7 46. Ke4 Ke6 47. a4 a6 48. Be3 Bxe3 49. Kxe3 Kf5 50. Kd4 1-0

[Event "Robecchetto Spring op 9th"]
[Site "Robecchetto"]
[Date "2012.05.03"]
[Round "4"]
[White "Trenti, Alessandro"]
[Black "Ragoso, Mario"]
[Result "1-0"]
[WhiteElo "1780"]
[BlackElo "1646"]
[PlyCount "81"]
[EventDate "2012.04.12"]
[EventType "swiss"]
[EventRounds "7"]
[EventCountry "ITA"]
[SourceTitle "EXT 2024"]
[Source "ChessBase"]
[SourceDate "2023.10.10"]
[SourceVersion "1"]
[SourceVersionDate "2023.10.10"]
[SourceQuality "1"]

1. e4 e5 2. Nf3 Nc6 3. Bb5 a6 4. Ba4 Nf6 5. d3 d6 6. Bg5 Be7 7. Nc3 Be6 8. d4 exd4 9. Nxd4 Bd7 10. Bb3 h6 11. Bh4 b5 12. a3 Ne5 13. Bxf6 Bxf6 14. Nd5 c5 15. Nxf6+ Qxf6 16. Bd5 Rb8 17. Ne2 Ng4 18. 0-0 Qxb2 19. c3 c4 20. Re1 0-0 21. Qd4 Nf6 22. Nf4 Nxd5 23. Nxd5 Be6 24. Nb4 Qb3 25. Nxa6 Ra8 26. Reb1 Qa4 27. Nc7 Rab8 28. Qxd6 Rfd8 29. Qe5 Bg4 30. f3 f6 31. Qf4 Qa7+ 32. Kf1 Bd7 33. Nd5 Bc6 34. Nb4 Qd7 35. Rd1 Qe8 36. Qc7 Rbc8 37. Rxd8 Rxc7 38. Nxc6 Qxd8 39. Nxd8 Rd7 40. Nc6 Kf7 41. Nd4 1-0

[Event "Vanzaghello op-A 6th"]
[Site "Vanzaghello"]
[Date "2010.05.23"]
[Round "5"]
[White "Messina, Gianmaria"]
[Black "Ragoso, Mario"]
[Result "1-0"]
[WhiteElo "1792"]
[BlackElo "1745"]
[PlyCount "91"]
[EventDate "2010.05.21"]
[EventType "swiss"]
[EventRounds "5"]
[EventCountry "ITA"]
[SourceTitle "EXT 2024"]
[Source "ChessBase"]
[SourceDate "2023.10.10"]
[SourceVersion "1"]
[SourceVersionDate "2023.10.10"]
[SourceQuality "1"]

1. e4 e5 2. Nc3 Nf6 3. f4 d6 4. Nf3 exf4 5. d4 Be7 6. Bxf4 0-0 7. Qd2 Na6 8. 0-0-0 c5 9. d5 Bd7 10. a3 b5 11. e5 b4 12. Bxa6 bxc3 13. Qxc3 Ne4 14. Qe3 Qa5 15. Qxe4 Qxa6 16. exd6 Bxd6 17. Bxd6 Qxd6 18. Rhe1 Rfe8 19. Qd3 Reb8 20. Ne5 Bb5 21. Qf3 Be8 22. h3 Rb6 23. Nc4 Qh6+ 24. Qe3 Qxe3+ 25. Rxe3 Rg6 26. g4 Rh6 27. d6 Bb5 28. b3 Bxc4 29. bxc4 Rd8 30. Rde1 Re6 31. Rxe6 fxe6 32. Rxe6 Rd7 33. Re5 Rxd6 34. Rxc5 Ra6 35. Kb2 Kf7 36. Rb5 Ke6 37. Rb7 Kf6 38. Kb3 Re6 39. c5 Re3+ 40. Kc4 Rxa3 41. c6 Ke6 42. Rxg7 Ra6 43. Kb5 Rb6+ 44. Kc5 Rb2 45. c4 a5 46. c7 1-0

[Event "Robecchetto op-B 19th"]
[Site "Robecchetto"]
[Date "2008.12.30"]
[Round "6"]
[White "Ragoso, Mario"]
[Black "Santarelli, Sabatino"]
[Result "0-1"]
[WhiteElo "1845"]
[BlackElo "1692"]
[PlyCount "64"]
[EventDate "2008.12.27"]
[EventType "swiss"]
[EventRounds "6"]
[EventCountry "ITA"]
[SourceTitle "EXT 2011"]
[Source "ChessBase"]
[SourceDate "2010.11.26"]
[SourceVersion "1"]
[SourceVersionDate "2010.11.26"]
[SourceQuality "1"]

1. d4 Nf6 2. c4 d6 3. Nc3 g6 4. e4 Bg7 5. Nf3 0-0 6. Be2 c5 7. d5 a6 8. a4 e5 9. Nd2 Ne8 10. h4 f5 11. h5 fxe4 12. Ndxe4 Bf5 13. Bg5 Nf6 14. hxg6 Bxg6 15. Bg4 Qc7 16. Be6+ Kh8 17. Nxf6 Bxf6 18. Qf3 Qe7 19. Bh6 Bg7 20. Qg3 Nd7 21. 0-0-0 Nf6 22. Bg5 Qe8 23. Qh4 b5 24. axb5 axb5 25. Nxb5 Qd8 26. f4 exf4 27. Bxf4 Ra1+ 28. Kd2 Ne4+ 29. Ke3 Qxh4 30. Rxh4 Rxd1 31. Nxd6 Re1+ 32. Kf3 Nxd6 0-1